000 00588nam a22001937a 4500
005 20161206103955.0
010 _aENG-116341
020 _a9788193115541
_c795.00
035 _aEN-99873
037 _bDBAD/PUB
082 _a954.021
245 _aKhilji dynasty /
_cedited by Bittu K. Singh
260 _aGhaziabad
_bRudra Publication & Disributors
_c2015
270 _aS-1,5/587, Sector-5,Vaishali
_bGaziabad
_e201002
300 _av,224p.
_c22cm(Hb)
500 _aIncludes bibliographical references
700 _aBittu K. Singh
942 _2ddc
_cEN
_h954.021
_mKHI
999 _c104345
_d104345